000 00374pab a2200145 454500
008 180718b1990 xxu||||| |||| 00| 0 eng d
100 _aPethe, Vasant P.
245 _aBeyond demography
_bTowards interdisciplinary exploration
260 _c1990
300 _a57-60
362 _a6 Jan.
650 _aPopulation
773 _aEconomic and Political Weekly
909 _a15631
999 _c15631
_d15631